<?xml version="1.0" encoding="UTF-8"?>
<record
    xmlns:xsi="http://www.w3.org/2001/XMLSchema-instance"
    xsi:schemaLocation="http://www.loc.gov/MARC21/slim http://www.loc.gov/standards/marcxml/schema/MARC21slim.xsd"
    xmlns="http://www.loc.gov/MARC21/slim">

  <leader>02241nam a2200361 u 4500</leader>
  <controlfield tag="001">24108</controlfield>
  <controlfield tag="003">CO-MdUADB</controlfield>
  <controlfield tag="005">20260428111416.0</controlfield>
  <controlfield tag="007">ta</controlfield>
  <controlfield tag="008">960313s1983    sp     gr           spa d</controlfield>
  <datafield tag="020" ind1=" " ind2=" ">
    <subfield code="a">8475303218</subfield>
    <subfield code="q">ISBN-10</subfield>
  </datafield>
  <datafield tag="020" ind1=" " ind2=" ">
    <subfield code="a">9788475303215</subfield>
    <subfield code="q">ISBN-13</subfield>
  </datafield>
  <datafield tag="035" ind1=" " ind2=" ">
    <subfield code="a">24108</subfield>
  </datafield>
  <datafield tag="035" ind1=" " ind2=" ">
    <subfield code="a">(OCoLC)778064130</subfield>
  </datafield>
  <datafield tag="040" ind1=" " ind2=" ">
    <subfield code="a">CO-MdUADB</subfield>
    <subfield code="b">spa</subfield>
    <subfield code="c">CO-MdUADB</subfield>
    <subfield code="e">rda</subfield>
  </datafield>
  <datafield tag="041" ind1=" " ind2=" ">
    <subfield code="a">spa</subfield>
    <subfield code="h">eng</subfield>
  </datafield>
  <datafield tag="080" ind1=" " ind2=" ">
    <subfield code="a">INV</subfield>
  </datafield>
  <datafield tag="082" ind1=" " ind2="4">
    <subfield code="a">330</subfield>
  </datafield>
  <datafield tag="100" ind1="1" ind2="0">
    <subfield code="a">Mishan, Edward Joshua,</subfield>
    <subfield code="d">1917-2014</subfield>
    <subfield code="4">aut</subfield>
    <subfield code="e">aut</subfield>
    <subfield code="9">247544</subfield>
  </datafield>
  <datafield tag="245" ind1="1" ind2="4">
    <subfield code="a">Los costes del desarrollo econ&#xF3;mico</subfield>
  </datafield>
  <datafield tag="246" ind1="1" ind2="1">
    <subfield code="a">Growth the price we pay</subfield>
  </datafield>
  <datafield tag="264" ind1=" " ind2="1">
    <subfield code="a">Barcelona :</subfield>
    <subfield code="b">Ediciones Orbis, </subfield>
    <subfield code="c">1983</subfield>
  </datafield>
  <datafield tag="300" ind1=" " ind2=" ">
    <subfield code="a">250 p&#xE1;ginas</subfield>
  </datafield>
  <datafield tag="490" ind1="1" ind2=" ">
    <subfield code="a">Biblioteca de Econom&#xED;a ; </subfield>
    <subfield code="v">6</subfield>
  </datafield>
  <datafield tag="505" ind1="0" ind2=" ">
    <subfield code="t">PARTE I: La econom&#xED;a: &#xBF;necesidad o elecci&#xF3;n? --</subfield>
    <subfield code="t">1. La obsesi&#xF3;n del desarrollo --</subfield>
    <subfield code="t">2. El error de la ausencia de elecci&#xF3;n --</subfield>
    <subfield code="t">3. Las alternativas que nos abren  -- </subfield>
    <subfield code="t">PARTE II: Rebosamientos: el mal de la sociedad opulenta --</subfield>
    <subfield code="t">4. En qu&#xE9; consisten los efectos de rebosamiento? --</subfield>
    <subfield code="t">5. Derechos de propiedad y derechos de apacibilidad --</subfield>
    <subfield code="t">6. Prohibici&#xF3;n total de rebosamiento --</subfield>
    <subfield code="t">7. Medios separados --</subfield>
    <subfield code="t">PARTE III: La magnitud del mal --</subfield>
    <subfield code="t">8. El colapso de la ciudad: amontonamiento y afeamiento --</subfield>
    <subfield code="t">9. El colapso de la ciudad: la congesti&#xF3;n del tr&#xE1;fico --</subfield>
    <subfield code="t">10. La econom&#xED;a del transporte --</subfield>
    <subfield code="t">11. Conflicto social  -- </subfield>
    <subfield code="t">PARTE IV: Renta nacional y bienestar nacional: una falsa ecuaci&#xF3;n --</subfield>
    <subfield code="t">12. El mito de la soberan&#xED;a del consumidor --</subfield>
    <subfield code="t">13. La d&#xE9;bil conexi&#xF3;n entre elecci&#xF3;n efectiva y bienestar --</subfield>
    <subfield code="t">PARTE V: Reflexiones de las consecuencias del desarrollo econ&#xF3;mico --</subfield>
    <subfield code="t">14: Introducci&#xF3;n --</subfield>
    <subfield code="t">15: La creciente amenaza de obsolescencia --</subfield>
    <subfield code="t">16: Nuestro planeta se nos queda peque&#xF1;o --</subfield>
    <subfield code="t">17-18: La salvaci&#xF3;n por la ciencia: 1 y 2 --</subfield>
    <subfield code="t">19-20: El desarrollo propulsado por el beneficio: 1 y 2 --</subfield>
    <subfield code="t">21: El culto de la eficacia --</subfield>
    <subfield code="t">PARTE VI: Conclusiones y ap&#xE9;ndices
</subfield>
  </datafield>
  <datafield tag="650" ind1=" " ind2="7">
    <subfield code="a">Consumismo</subfield>
    <subfield code="2">embne</subfield>
    <subfield code="9">43510</subfield>
  </datafield>
  <datafield tag="650" ind1=" " ind2="7">
    <subfield code="a">Desarrollo econ&#xF3;mico</subfield>
    <subfield code="2">lemb</subfield>
    <subfield code="9">32780</subfield>
  </datafield>
  <datafield tag="650" ind1=" " ind2="7">
    <subfield code="a">Econom&#xED;a del bienestar</subfield>
    <subfield code="2">lemb</subfield>
    <subfield code="9">7249</subfield>
  </datafield>
  <datafield tag="650" ind1=" " ind2="7">
    <subfield code="a">Progreso</subfield>
    <subfield code="2">lemb</subfield>
    <subfield code="9">33062</subfield>
  </datafield>
  <datafield tag="700" ind1=" " ind2=" ">
    <subfield code="9">867524</subfield>
    <subfield code="a">Minguella Rubi&#xF3;, F.</subfield>
    <subfield code="e">trl</subfield>
  </datafield>
  <datafield tag="830" ind1=" " ind2="0">
    <subfield code="a">Biblioteca de Econom&#xED;a (Ediciones Orbis)</subfield>
    <subfield code="v">6</subfield>
    <subfield code="9">867523</subfield>
  </datafield>
  <datafield tag="942" ind1=" " ind2=" ">
    <subfield code="c">BOOK</subfield>
    <subfield code="2">ddc</subfield>
  </datafield>
  <datafield tag="999" ind1=" " ind2=" ">
    <subfield code="c">16817</subfield>
    <subfield code="d">16817</subfield>
  </datafield>
  <datafield tag="952" ind1=" " ind2=" ">
    <subfield code="0">0</subfield>
    <subfield code="1">0</subfield>
    <subfield code="4">0</subfield>
    <subfield code="7">0</subfield>
    <subfield code="8">GENERAL</subfield>
    <subfield code="a">CIE</subfield>
    <subfield code="b">CIE</subfield>
    <subfield code="d">2022-05-17</subfield>
    <subfield code="i">C13322896</subfield>
    <subfield code="l">0</subfield>
    <subfield code="o">INV/32086</subfield>
    <subfield code="p">61000004745618</subfield>
    <subfield code="r">2023-04-20 00:00:00</subfield>
    <subfield code="t">2</subfield>
    <subfield code="w">2023-04-20</subfield>
    <subfield code="y">BOOK</subfield>
  </datafield>
  <datafield tag="952" ind1=" " ind2=" ">
    <subfield code="0">0</subfield>
    <subfield code="1">0</subfield>
    <subfield code="2">ddc</subfield>
    <subfield code="4">0</subfield>
    <subfield code="7">0</subfield>
    <subfield code="8">GEN</subfield>
    <subfield code="a">BC</subfield>
    <subfield code="b">BC</subfield>
    <subfield code="d">2023-06-11</subfield>
    <subfield code="e">donaci&#xF3;n </subfield>
    <subfield code="f">DONA</subfield>
    <subfield code="g">17000.00</subfield>
    <subfield code="l">0</subfield>
    <subfield code="o">330.122 M678c</subfield>
    <subfield code="p">01106025</subfield>
    <subfield code="r">2024-10-04 00:00:00</subfield>
    <subfield code="w">2024-02-01</subfield>
    <subfield code="y">BOOK</subfield>
  </datafield>
</record>
